| 000 | 00338nam a22001337a 4500 | ||
|---|---|---|---|
| 008 | 181018b xxu||||| |||| 00| 0 eng d | ||
| 020 | _a0792336054 | ||
| 041 | _aeng | ||
| 080 | _a610 | ||
| 100 | _a4 | ||
| 101 | _aSHM | ||
| 245 |
_aTriggering Of Acute Coronary Syndroms Implication For Prevention _cStefan.N.W |
||
| 942 |
_2udc _cBK |
||
| 999 |
_c50161 _d50161 |
||